|
|
|
|
| LEADER |
00953nam a2200241 i 4500 |
| 001 |
c000010432 |
| 003 |
CARM |
| 005 |
00000000000000.0 |
| 008 |
791227s1921 00000 eng d |
| 019 |
1 |
|
|a 2529683
|z 4035367
|5 LACONCORD2021
|
| 035 |
|
|
|a (OCoLC)939087
|5 LACONCORD2021
|
| 100 |
1 |
|
|a Salter, Arthur,
|c Sir,
|d 1881-
|
| 245 |
1 |
0 |
|a Allied shipping control :
|b an experiment in international administration.
|
| 260 |
|
|
|a Oxford :
|b Clarendon Press,
|c 1921.
|
| 300 |
|
|
|a 372 p. :
|b illus.
|
| 440 |
|
0 |
|a Economic and social history of the world war.
|p British series.
|
| 610 |
2 |
0 |
|a Allied Maritime Transport Council.
|
| 650 |
|
0 |
|a Shipping.
|
| 650 |
|
0 |
|a World War, 1914-1918
|x Economic aspects.
|
| 852 |
8 |
|
|b CARM
|h A2:AF30F0
|i C01241
|p 0068341
|f BK
|
| 082 |
0 |
4 |
|a 350.8764
|
| 999 |
f |
f |
|i cf63680c-80bf-5df0-94be-bbb4afec5176
|s d6c50dd3-4421-5e9a-b075-b3f38493afc6
|
| 952 |
f |
f |
|p Can circulate
|a CAVAL
|b CAVAL
|c CAVAL
|d CARM 1 Store
|e C01241
|f A2:AF30F0
|h Other scheme
|i book
|m 0068341
|